Stadt zu Land #21 - Statistiken

Allgemein
  • Dieses Quiz wurde 163 mal gespielt
  • Das Durchschnittsergebnis liegt bei 11 aus 15
Antwortstatistiken
Stadt Land % Korrekt
Luzern Schweiz
97%
Palm Springs Vereinigte Staaten
96%
Strasbourg Frankreich
95%
Nowossibirsk Russland
95%
Marbella Spanien
92%
Acapulco Mexiko
86%
Västerås Schweden
81%
Ouagadougou Burkina Faso
74%
Jaipur Indien
69%
Hefei China
66%
Esch-sur-alzette Luxemburg
59%
Port Said Ägypten
53%
Bandung Indonesien
52%
Iaşi Rumänien
39%
Akureyri Island
33%
Keine übereinstimmenden Quizze gefunden
Verteilung der Resultate
Anzahl Personen mit jedem Resultat
Perzentil nach korrekt beantworteten Fragen
Ihre Resultats-Entwicklung
Sie haben dieses Quiz noch nicht gespielt